Effective presentation

Bibliographic Details
Main Author: Jay, Antony
Format: Book
Published: London : Pitman Publishing , 1993
Subjects:

MARC

LEADER 00000cam a2200000 7i4500
001 0000002533
002 000002757
005 20140806.0
020 |a 0273600370 
090 0 0 |a 658.82   |b JAY 
100 1 |a Jay, Antony 
245 1 0 |a Effective presentation   |c Antony Jay 
260 |a London :   |b Pitman Publishing ,   |c 1993 
300 |a 176p. ;   |c 23cm. 
650 0 0 |a Sales presentations 
650 0 0 |a Sales promotion 
999 |a 035999   |b BUKU   |c PINJAMAN   |e PERPUSTAKAAN KOMUNITI PETALING JAYA 
999 |a 036000   |b BUKU   |c PINJAMAN   |e PERPUSTAKAAN KOMUNITI PETALING JAYA 
999 |a 047984   |b BUKU   |c PINJAMAN   |e PERPUSTAKAAN KOMUNITI PETALING JAYA